Najlepsi skrzydłowi w historii - Statystyki

Ogólne statystyki
  • Ten quiz został rozwiązany 29 razy
  • Średni wynik to 4 z 10
Statystyki odpowiedzi
Hint Odpowiedź % Poprawnych
1 Messi
95%
2 Ronaldo
86%
5 Ronaldinho
55%
8 Ribery
41%
9 Jarzinho
27%
4 Best
23%
7 Robben
18%
6 Gigs
9%
10 Di Maria
5%
3 Garrinha
0%
Nie znaleziono quizów pasujących do podanych kryteriów
Rozkład punktacji
Procent ludzi z każdym wynikiem
Percentyl według liczby udzielonych odpowiedzi
Twoja historia wyników
Nie rozwiązałeś tego quizu